XIV Censo de población y III de vivienda 1970: viviendas, hogares y familias Atacama

I tiakina i:
Ngā taipitopito rārangi puna kōrero
Kaituhi rangatōpū: Instituto Nacional d Estadísticas (Author)
Hōputu: Pukapuka
Reo:Pāniora
I whakaputaina: Santiago INE 1970
Ngā marau:
Ngā Tūtohu: Tāpirihia he Tūtohu
Kāore He Tūtohu, Me noho koe te mea tuatahi ki te tūtohu i tēnei pūkete!

MARC

LEADER 00000nam a2200000 a 4500
001 UCO4249
003 CL-VaPUC
008 000728e19700000CL |||||||||||||||||spa|d
082 0 4 |a 310.983  |b INS  |2 21 
110 2 |a Instituto Nacional d Estadísticas  |e author  |9 448569 
245 1 0 |a XIV Censo de población y III de vivienda 1970: viviendas, hogares y familias Atacama 
300 |a 60 p 
942 |c BK 
945 |d 20000728 00:00:00  |a crobeson 
260 |a Santiago  |b INE  |c 1970 
650 7 |a CENSO 1970  |2 CL-VaPUC  |9 448570 
650 0 |a Población  |9 257577 
650 0 |a Vivienda  |9 258662 
650 0 |a Estadísticas  |9 258644 
650 0 |a Demografía   |9 260008 
651 7 |a CHILE  |2 CL-VaPUC  |9 448571 
651 0 |a Atacama   |9 319604 
583 |a last modification  |c 20170808 05:16:50  |k Rodrigo Vera 
999 |c 290314  |d 290312 
952 |0 0  |1 0  |4 0  |6 310_983000000000000_INS_1970  |7 0  |8 X  |9 339652  |a BIBHIS  |b BIBHIS  |d 2019-11-20  |i 1212400  |o 310.983 INS 1970  |p 1212400  |r 2024-01-30  |w 2019-11-20  |y BK_X  |k HIS